Deadliest Wars US has Fought In - Statistics

General Stats
  • This quiz has been taken 58 times
    54 since last reset
  • The average score is 8 of 10
Answer Stats
Casualties Answer % Correct
498,332 Civil
96%
58,220 Vietnam
92%
405,399 WW2
90%
116,516 WW1
88%
4,486 Iraq
80%
2,322 Afghanistan
74%
36,574 Korea
74%
4,435 Revolutionary
60%
13,283 Mexican-American
52%
2,446 Spanish-American
52%
No matching quizzes found
Score Distribution
Percent of People with Each Score
Percentile by Number Answered
Your Score History
You have not taken this quiz since the last reset